MARC details
| 000 -LEADER |
| fixed length control field |
02632cam a22005294a 4500 |
| 001 - CONTROL NUMBER |
| control field |
11961844 |
| 003 - CONTROL NUMBER IDENTIFIER |
| control field |
OSt |
| 005 - DATE AND TIME OF LATEST TRANSACTION |
| control field |
20260428165831.0 |
| 008 - FIXED-LENGTH DATA ELEMENTS--GENERAL INFORMATION |
| fixed length control field |
000403s2000 wiua c b 001 0 eng |
| 010 ## - LIBRARY OF CONGRESS CONTROL NUMBER |
| LC control number |
00038586 |
| 020 ## - INTERNATIONAL STANDARD BOOK NUMBER |
| International Standard Book Number |
9781845335137 |
| Qualifying information |
v. 1 : lib. bdg. : alk. paper |
| 020 ## - INTERNATIONAL STANDARD BOOK NUMBER |
| International Standard Book Number |
9781845335137 |
| Qualifying information |
v. 2 : lib. bdg. : alk. paper |
| 020 ## - INTERNATIONAL STANDARD BOOK NUMBER |
| International Standard Book Number |
9781845335137 |
| Qualifying information |
v. 3 : lib. bdg. : alk. paper |
| 020 ## - INTERNATIONAL STANDARD BOOK NUMBER |
| International Standard Book Number |
9781845335137 |
| Qualifying information |
v. 4 : lib. bdg. : alk. paper |
| 020 ## - INTERNATIONAL STANDARD BOOK NUMBER |
| International Standard Book Number |
9781845335137 |
| Qualifying information |
v. 5 : lib. bdg. : alk. paper |
| 020 ## - INTERNATIONAL STANDARD BOOK NUMBER |
| International Standard Book Number |
9781845335137 |
| Qualifying information |
v. 6 : lib. bdg. : alk. paper |
| 020 ## - INTERNATIONAL STANDARD BOOK NUMBER |
| International Standard Book Number |
9781845335137 |
| Qualifying information |
(v. 1 : lib. bdg. : alk. paper) |
| 020 ## - INTERNATIONAL STANDARD BOOK NUMBER |
| International Standard Book Number |
9781845335137 |
| Qualifying information |
(v. 2 : lib. bdg. : alk. paper) |
| 020 ## - INTERNATIONAL STANDARD BOOK NUMBER |
| International Standard Book Number |
9781845335137 |
| Qualifying information |
(v. 3 : lib. bdg. : alk. paper) |
| 020 ## - INTERNATIONAL STANDARD BOOK NUMBER |
| International Standard Book Number |
9781845335137 |
| Qualifying information |
(v. 4 : lib. bdg. : alk. paper) |
| 020 ## - INTERNATIONAL STANDARD BOOK NUMBER |
| International Standard Book Number |
9781845335137 |
| Qualifying information |
(v. 5 : lib. bdg. : alk. paper) |
| 020 ## - INTERNATIONAL STANDARD BOOK NUMBER |
| International Standard Book Number |
9781845335137 |
| Qualifying information |
(v. 6 : lib. bdg. : alk. paper) |
| 035 ## - SYSTEM CONTROL NUMBER |
| System control number |
11961844 |
| 040 ## - CATALOGING SOURCE |
| Original cataloging agency |
DLC |
| Transcribing agency |
Foundation University |
| Modifying agency |
Foundation University |
| 042 ## - AUTHENTICATION CODE |
| Authentication code |
pcc |
| -- |
lcac |
| 050 00 - LIBRARY OF CONGRESS CALL NUMBER |
| Classification number |
NK1390 |
| Item number |
M55 .2009 |
| 245 00 - TITLE STATEMENT |
| Title |
20th century design. |
| 246 3# - VARYING FORM OF TITLE |
| Title proper/short title |
Twentieth century design |
| 250 ## - EDITION STATEMENT |
| Edition statement |
North American ed. |
| 260 ## - PUBLICATION, DISTRIBUTION, ETC. |
| Place of publication, distribution, etc. |
Great Britain : |
| Name of publisher, distributor, etc. |
Octopus Publishing Group |
| Date of publication, distribution, etc. |
2009 |
| 264 ## - PRODUCTION, PUBLICATION, DISTRIBUTION, MANUFACTURE, AND COPYRIGHT NOTICE |
| Copyright Date |
2009 |
| 300 ## - PHYSICAL DESCRIPTION |
| Extent |
304 p. : |
| Other physical details |
ill. (some col.) ; |
| Dimensions |
29 cm. |
| Materials specified |
books |
| Type of unit |
books |
| 336 ## - CONTENT TYPE |
| Content type term |
text |
| Content type code |
txt |
| Source |
rdacontent |
| 337 ## - MEDIA TYPE |
| Media type term |
unmediated |
| Media type code |
n |
| Source |
rdamedia |
| 338 ## - CARRIER TYPE |
| Carrier type term |
volume |
| Carrier type code |
nc |
| Source |
rdacarrier |
| Materials specified |
n |
| 504 ## - BIBLIOGRAPHY, ETC. NOTE |
| Bibliography, etc. note |
Includes bibliographical references and indexes. |
| 505 0# - FORMATTED CONTENTS NOTE |
| Formatted contents note |
[1] 1900-20 : the birth of modernism / Jackie Gaff -- [2] 20s & 30s : between the wars / Jackie Gaff -- [3] 40s & 50s : war and post-war years / Helen Jones -- [4] The 60s : the plastic age / Julia Bigham -- [5] 70s & 80s : the high-tech age / Jackie Gaff and John Tyrrell -- [6] The 90s : the digital age / Hannah Ford. |
| 650 #0 - SUBJECT ADDED ENTRY--TOPICAL TERM |
| Topical term or geographic name entry element |
Design |
| General subdivision |
History |
| Chronological subdivision |
20th century |
| Form subdivision |
Juvenile literature. |
| 9 (RLIN) |
15670 |
| 650 #1 - SUBJECT ADDED ENTRY--TOPICAL TERM |
| Topical term or geographic name entry element |
Design |
| General subdivision |
History |
| Chronological subdivision |
20th century. |
| 9 (RLIN) |
15605 |
| 655 #7 - INDEX TERM--GENRE/FORM |
| Genre/form data or focus term |
Literature. |
| Source of term |
lcgft |
| Authority record control number or standard number |
https://id.loc.gov/authorities/genreForms/gf2014026415 |
| 9 (RLIN) |
15671 |
| 700 1# - ADDED ENTRY--PERSONAL NAME |
| Personal name |
Gaff, Jackie. |
| 9 (RLIN) |
15672 |
| 710 2# - ADDED ENTRY--CORPORATE NAME |
| Corporate name or jurisdiction name as entry element |
Gareth Stevens Publishing. |
| 9 (RLIN) |
15673 |
| 906 ## - LOCAL DATA ELEMENT F, LDF (RLIN) |
| a |
7 |
| b |
cbc |
| c |
orignew |
| d |
1 |
| e |
ocip |
| f |
20 |
| g |
y-gencatlg |
| 942 ## - ADDED ENTRY ELEMENTS (KOHA) |
| Source of classification or shelving scheme |
Library of Congress Classification |
| Koha item type |
Books |
| Classification part |
(DAFA-FA) NK 1390 |
| Item part |
.2009 M55 |
| Call number prefix |
(DAFA-FA) |